A PRACTICAL guide to studying history skills and approaches

Salvato in:
Dettagli Bibliografici
Natura: Libro
Lingua:inglese
Pubblicazione: Bloomsbury Academic 2017
Tags: Aggiungi Tag
Nessun Tag, puoi essere il primo ad aggiungerne!!

MARC

LEADER 00000nam a22000007a 4500
008 210610b ||||| |||| 00| 0 eng d
020 |a 978144472529985 
245 |a A PRACTICAL guide to studying history  |b skills and approaches  |c edited by Tracey Loughran  |g xiii, 333p; ill 
250 |c Loughran, Tracey 
260 |b Bloomsbury Academic  |c 2017  |h London  |i 696196  |i 696197  |i 696198  |l D16.P88  |m History- study and teaching  |m History-Research  |m History-Methodology  |m Historiography  |m Public history 
500 |a it includes references and index 
942 |a lcc  |c BK  |e O.A.JOHNSON  |f 10/06/21 
952 |0 0  |1 0  |2 lcc  |4 0  |7 0  |9 2564  |a ART  |b HOL  |c AF  |d 2021-06-10  |o D16.P88  |p 2021-6415  |r 2021-06-10 00:00:00  |w 2021-06-10  |y BK 
952 |0 0  |1 0  |2 lcc  |4 0  |7 0  |9 2565  |a HOL  |b HOL  |c AF  |d 2021-06-10  |o D16.P88  |p 2021-6417  |r 2021-06-10 00:00:00  |w 2021-06-10  |y BK 
952 |0 0  |1 0  |2 lcc  |4 0  |7 0  |9 2566  |a HOL  |b HOL  |c QZ  |d 2021-06-10  |o D16.P88  |p 2021-6416  |r 2021-06-10 00:00:00  |w 2021-06-10  |y BK 
999 |c 1340  |d 1340